000 00859nam a22002898i 4500
001 018367545
003 EG-ScBUE
005 20260211103652.0
008 170411s2017 enk f b 000 0 eng d
020 _a9781781257029 (pbk.)
040 _aStDuBDS
_beng
_erda
_cStDuBDS
_dEG-ScBUE
082 0 4 _a154.2
_222
_bHOL
100 1 _aHoliday, Ryan,
_eauthor.
245 1 0 _aEgo is the enemy /
_cRyan Holiday.
264 1 _aLondon :
_bProfile Books,
_c2017.
300 _axxv, 226 pages ;
_c18 cm
336 _atext
_2rdacontent
_btxt
337 _aunmediated
_2rdamedia
_bn
338 _avolume
_2rdacarrier
_bnc
500 _aOriginally published: 2016.
504 _aIncludes bibliographical references.
650 7 _aEgo (Psychology)
_2BUEsh
653 _cFebruary2026
_bHHUUPPSS
655 _vReading book
942 _2ddc
_cBB
999 _c31118
_d31089